000 01568cam a2200409 a 4500
001 2052558
003 OSt
005 20140310181919.0
008 931015r19941982nyua 001 0 eng
010 _a 93040139
020 _a0671887165 :
_c$11.00 ($14.00 Can.)
040 _aDLC
_cDLC
_dDLC
050 0 0 _aBJ 1451
_b.Ey97 1994
082 0 0 _aTR 649.7
_bEy6 1984
100 1 _aEyre, Linda.
_91392
240 1 0 _aTeaching children responsibility
245 1 0 _aTeaching your children responsibility /
_cLinda and Richard Eyre.
250 _a1st Fireside ed.
260 _aNew York :
_bSimon & Schuster,
_c1994.
300 _a185 p. :
_bill. ;
_c22 cm.
500 _aOriginally published: Teaching children responsibility. Salt Lake City, Utah : Deseret Bk. Co., c1982.
500 _a"A Fireside book."
500 _aIncludes index.
521 _aTeacher's Reference
526 _c1110L to 1700L
541 _j1
562 _e1
650 0 _aResponsibility in children.
_91393
650 0 _aChildren
_xConduct of life.
_91394
650 0 _aChild rearing
_xReligious aspects
_xMormon Church.
_91395
700 1 _aEyre, Richard M.
_91396
856 4 2 _3Contributor biographical information
_uhttp://www.loc.gov/catdir/bios/simon051/93040139.html
856 4 2 _3Publisher description
_uhttp://www.loc.gov/catdir/description/simon032/93040139.html
906 _a7
_bcbc
_corignew
_d1
_eocip
_f19
_gy-gencatlg
942 _2lcc
_cBK-TR
_kTR
999 _c6892
_d6892